Common courtesies online / (Record no. 13896)

000 -LEADER
fixed length control field 00708nam a2200193 4500
020 ## - ISBN
ISBN 9789715699716
082 ## - DEWEY DECIMAL CLASSIFICATION NUMBER
Classification number Fil. 004.678 R6375c 2019
100 ## - MAIN ENTRY--PERSONAL NAME
Personal name Rodrigo, Didith T.
245 ## - TITLE STATEMENT
Title Common courtesies online /
Statement of responsibility, etc. written by Rodrigo, Didith T ; translated by Reg S. Rodrigo ; illustrated by Neithan DL. Casano
260 ## - PUBLICATION, DISTRIBUTION, ETC. (IMPRINT)
Place of publication, distribution, etc. Makati City
Name of publisher, distributor, etc. The Bookmark, Inc.
Date of publication, distribution, etc. c2019
300 ## - PHYSICAL DESCRIPTION
Extent/Page number 16 pages :
Other physical details chiefly color illustrations ;
Dimensions 25 x 20 cm
526 ## - STUDY PROGRAM INFORMATION NOTE
PROGRAM TYPE General References or Works (encyclopedias, biographies, periodicals and journalism)
650 ## - SUBJECT ADDED ENTRY--TOPICAL TERM
Topical term or geographic name as entry element Internet and children
650 ## - SUBJECT ADDED ENTRY--TOPICAL TERM
Topical term or geographic name as entry element Online etiquette
650 ## - SUBJECT ADDED ENTRY--TOPICAL TERM
Topical term or geographic name as entry element Etiquette for children and teenagers
650 ## - SUBJECT ADDED ENTRY--TOPICAL TERM
Topical term or geographic name as entry element Courtesy -- Juvenile literature
650 ## - SUBJECT ADDED ENTRY--TOPICAL TERM
Topical term or geographic name as entry element Children's literature, Philippine (English)
942 ## - ADDED ENTRY ELEMENTS
Classification
Item type Book
Holdings
Withdrawn status Lost status Source of classification or shelving scheme Damaged status Not for loan Collection code Permanent Location Current Location Shelving location Date acquired Source of acquisition Cost, normal purchase price Full call number Barcode Date last seen Cost, replacement price Price effective from Item type
          Filipiniana Grade School Library Grade School Library Filipiniana 2026-02-05 MIBF 120.00 Fil. 004.678 R6375c 2019 GS5687 2026-02-05 300.00 2026-02-05 Book